Introduction to the law of property / (Record no. 4920)
[ view plain ]
| 000 -LEADER | |
|---|---|
| fixed length control field | 00799cam a2200253u 4500 |
| 001 - CONTROL NUMBER | |
| control field | 4920 |
| 003 - CONTROL NUMBER IDENTIFIER | |
| rucl marc code | BD-RjUL |
| 005 - DATE AND TIME OF LATEST TRANSACTION | |
| control field | 20211208233958.0 |
| 008 - FIXED-LENGTH DATA ELEMENTS--GENERAL INFORMATION | |
| fixed length control field | 131223s1958 enk 001 0 eng |
| 035 ## - SYSTEM CONTROL NUMBER | |
| System control number | (BD-RjUL)4955 |
| 040 ## - CATALOGING SOURCE | |
| Original cataloging agency | DLC |
| Transcribing agency | CarP |
| Modifying agency | DLC |
| -- | BD-RjUL |
| Language of cataloging | eng |
| 041 ## - LANGUAGE CODE | |
| Language code of text/sound track or separate title | eng |
| 082 ## - DEWEY DECIMAL CLASSIFICATION NUMBER | |
| Edition number | 21 |
| Classification number | 346.4104 |
| Author mark and year | LAI 1958 |
| 100 1# - MAIN ENTRY--PERSONAL NAME | |
| Personal name | Lawson, F. H. |
| Fuller form of name | (Frederick Henry), |
| Dates associated with a name | 1897- |
| 9 (RLIN) | 15518 |
| 245 10 - TITLE STATEMENT | |
| Title | Introduction to the law of property / |
| Statement of responsibility, etc. | F H Lawson |
| 260 ## - PUBLICATION, DISTRIBUTION, ETC. (IMPRINT) | |
| Place of publication, distribution, etc. | Oxford : |
| Name of publisher, distributor, etc. | Clarendon Press, |
| Date of publication, distribution, etc. | 1958. |
| 300 ## - PHYSICAL DESCRIPTION | |
| Pagination | 200 p. ; |
| Illustrations | 22 cm. |
| 504 ## - BIBLIOGRAPHY, ETC. NOTE | |
| Bibliography, etc | Includes index. |
| 650 ## - SUBJECT ADDED ENTRY--TOPICAL TERM | |
| Topical term or geographic name as entry element | Property |
| Geographic subdivision | Great Britain. |
| 9 (RLIN) | 15519 |
| 856 ## - ELECTRONIC LOCATION AND ACCESS | |
| Uniform Resource Identifier | <a href="http://www.worldcat.org/title/introduction-to-the-law-of-property/oclc/576789&referer=brief_results">http://www.worldcat.org/title/introduction-to-the-law-of-property/oclc/576789&referer=brief_results</a> |
| 942 ## - ADDED ENTRY ELEMENTS (KOHA) | |
| Source of classification or shelving scheme | Dewey Decimal Classification |
| Koha item type | Books |
| Lost status | Source of classification or shelving scheme | Damaged status | Not for loan | Collection code | Permanent Location | Current Location | Shelving location | Date acquired | Source of acquisition | Cost, normal purchase price | Total Checkouts | Full call number | Date last seen | Copy number | Koha item type |
|---|---|---|---|---|---|---|---|---|---|---|---|---|---|---|---|
| Dewey Decimal Classification | Not For Loan | Non-fiction | Central Library, University of Rajshahi | Central Library, University of Rajshahi | 03/06/1970 | Zeithlinger | 21.00 | 346.4104 LAI 1958 | 23/12/2013 | C-1 | Books |